000
00207 a2200097 4500
001
28904
100
_a
Walker, J R
245
_a
Modern Metal Working
260
_a
_b
Goodheart
_c
1968
090
_c
19318
_d
19318
942
_a
NUST-CAE
_c
M
_c
10356
999
_c
263977
_d
263977